| 000 | 00543nam a22001577a 4500 | ||
|---|---|---|---|
| 005 | 20120417145244.0 | ||
| 020 |
_a8186030611 _c175.00 |
||
| 035 | _aA-936423 | ||
| 037 |
_aDPL _bENG |
||
| 245 |
_aWomen in Naga society / _cedited by Lucy Zehol |
||
| 260 |
_aNew Delhi _bRegency Publications _c1998 |
||
| 300 |
_av, 103p. _c20 cms. |
||
| 700 |
_aZehol, Lucy _945239 |
||
| 942 |
_2ddc _cEN _h305.48 _mZEH |
||
| 999 |
_c65138 _d65138 |
||